Anton Lamazares (Record no. 6185)

MARC details
000 - LÍDER
campo de control de longitud fija 00875nam a2200217Ia 4500
008 - ELEMENTOS DE DATOS DE LONGITUD FIJA - INFORMACIÓN GENERAL
campo de control de longitud fija 0000001984 fr a 0000000000fre00
090 ## - NÚMERO DE LLAMADA DE TIPO LC LOCALMENTE ASIGNADO (OCLC)
Número de clasificación (OCLC) (R) PSP00 A57a
100 1# - ENTRADA PRINCIPAL - NOMBRE PERSONAL
Nombre de la persona Antón, Lamazares
Fechas asociadas a un nombre 1954
245 10 - TÍTULO DECLARACIÓN
Título Anton Lamazares
Resto del título : peintures = pinturas
Declaración de responsabilidad / traduction Monique Planes ; photographe Javier Campano
260 ## - PUBLICACIÓN, DISTRIBUCIÓN
Lugar de publicación Bruxelles : Elisabeth Franck
Fecha de publicación 1984
300 ## - DESCRIPCIÓN FÍSICA
Alcance [16] p.
Dimensiones / 21 cm.
500 ## - NOTA GENERAL
Nota general Exposición realizada en Gran Palais, Paris, octubre, 1984 \ Con el patronazgo del maestro venezolano Jesús Rafael Soto (q.e.p.d.) \
600 00 - ENTRADA DE SUJETO AÑADIDO - NOMBRE PERSONAL
Nombre de la persona LAMAZARES, ANTON, 1954/
Subdivisión general TRABAJOS PICTORICOS
650 14 - ENTRADA DE SUJETO AÑADIDO - TÉRMINO TÓPICO
Término tópico o elemento de entrada del nombre geográfico ARTE CONTEMPORANEO ESPAÑOL
650 14 - ENTRADA DE SUJETO AÑADIDO - TÉRMINO TÓPICO
Subdivisión general CATALOGOS
650 14 - ENTRADA DE SUJETO AÑADIDO - TÉRMINO TÓPICO
Subdivisión general EXPOSICIONES
650 14 - ENTRADA DE SUJETO AÑADIDO - TÉRMINO TÓPICO
Término tópico o elemento de entrada del nombre geográfico PINTORES ESPAÑOLES
650 14 - ENTRADA DE SUJETO AÑADIDO - TÉRMINO TÓPICO
Término tópico o elemento de entrada del nombre geográfico PINTURA ESPAÑOLA
700 1# - ENTRADA AGREGADA - NOMBRE PERSONAL
Nombre de la persona Planes, Monique, tr. \ Campano, Javier
Holdings
Estado de retirada Pérdida de estatus Estado dañado No para préstamo Código de recogida Ubicación permanente Ubicación actual Ubicación de las estanterías Fecha de adquisición Número de llamada completo Código de barras Fecha de la última vez que se vio Número de copia Precio efectivo desde Tipo de artículo Koha
        General ArtNexus ArtNexus General 06/09/2022 P-SP-00 A57A 6189 06/09/2022 Ej.1 06/09/2022 Libro

Powered by Koha